Word Ladder: Comedy Group Quiz Stats

 Plays Quiz Updated Aug 20, 2012

Challenge
Share
Tweet
Embed
Score 0/16 Timer 02:00
5 Plays Today
Clue Answer % Correct
Ladder 1MAN'S
95.1%
Ladder 1BOOS
92.4%
Ladder 1COOS
87.8%
Ladder 1CANS
80.6%
Ladder 1CONS
78.5%
Ladder 2DOCE
74.1%
Ladder 2COME
73.2%
Ladder 2COUP
71%
Clue Answer % Correct
Ladder 2DOCK
70.9%
Ladder 2DOME
66.2%
Ladder 2COMP
61.7%
Ladder 1MANX
58.3%
Ladder 1BROS.
49.8%
Ladder 1MARX
48.6%
Ladder 2SOUP
43.1%
Ladder 2DUCK
41.4%

Today's Daily Dose

Missing Word
Hayao Miyazaki

Word Ladder
Florida

On This Day
December 13th II

You're not logged in!

Compare scores with friends on all Sporcle quizzes.
OR
Log In

You Might Also Like...

Show Comments

Extras

Top Quizzes Today


Score Distribution

Your Account Isn't Verified!

In order to create a playlist on Sporcle, you need to verify the email address you used during registration. Go to your Sporcle Settings to finish the process.

Report this User

Report this user for behavior that violates our Community Guidelines.

Details: